000 01047nam a2200241Ia 4500
999 _c55102
_d55102
001 22177
003 GE_BSU
005 20221208173329.0
008 181216s ||||ge |||||||||||||| ||geo||
020 _a9789941454066
040 _cGE_BSU
041 _ageo
080 _a81'374.822=353.1=512.161 ქ-27
245 _aქართულ-თურქული ლექსიკონი =Gurcuce-turkce sozluk /
_cშემდგ. ელიდა კვანტალიანი ; რედ. ნანა კაჭარავა.
264 _aთბილისი :
_bინტელექტი,
_c2014.
300 _a320 გვ. ;
_c21 სმ.
541 _h21ლ.90თ.
653 _aლექსიკონი
653 _aქართულ-თურქული ლექსიკონი =Gurcuce-turkce sozluk
700 _aკვანტალიანი, ელიდა
_eშემდგენელი
_916357
700 _aკაჭარავა, ნანა
_eრედაქტორი
_98313
942 _cBK
_2udc